Le Pérou en images - Statistiques

Statistiques générales
  • Ce quiz a été pris 376 fois
  • Le résultat moyen est 11 sur 18
Statistiques - réponses
Par images Hint Réponse % Correct
Monument Machu Picchu
96%
Ville Lima
94%
Civilisation Inca
93%
Chaîne de montagnes Cordillère des Andes
85%
Tubercule Pomme de terre
85%
Animal Alpaga
77%
Lac Titicaca
75%
Animal Condor
66%
Ville Cusco
59%
Langue Quechua
57%
Spécialité Ceviche
50%
Film Kuzco, l'empereur mégalo
47%
Pseudocéréale Quinoa
47%
Monnaie Sol
39%
Désert Nazca
34%
Bande-dessinée Le Temple du Soleil
32%
Ville Arequipa
30%
Couvre-chef Bonnet péruvien
15%
Aucun quiz correspondant
Distribution des résultats
% des personnes avec chaque résultat
Percentile par nombre de réponses
Votre historique - résultats
Vous n’avez pas pris ce quiz